RuPaul + Cast of DR Charting Songs (Billboard Hot Dance) - Statistics

General Stats
  • This quiz has been taken 70 times
    45 since last reset
  • The average score is 4 of 12
Answer Stats
Album Weeks On Peak Artist(s) Song % Correct
Non-Album Single 3 Weeks #18 RuPaul ft. The Cast of RuPaul's Drag Race All Stars, Season 3 Kitty Girl
89%
Mamaru 1 Week #42 RuPaul ft. Skeltal Ki Catwalk
66%
Non-Album Single 1 Week #46 The Cast of RuPaul's Drag Race, Season 14 Catwalk
66%
Non-Album Single 1 Week #32 The Cast of RuPaul's Drag Race, Season 13 Lucky
54%
Born Naked 5 Weeks #27 RuPaul Sissy That Walk
51%
Non-Album Single 1 Week #44 The Cast of RuPaul's Drag Race UK Break Up (Bye Bye)
31%
Non-Album Single 1 Week #29 RuPaul Read U Wrote U
23%
American 2 Weeks #47 RuPaul Call Me Mother
20%
Non-Album Single 1 Week #39 Sarah Hudson I Hate People (Willow Pill)
3%
Non-Album Single 1 Week #49 RuPaul I'm That Bitch
3%
Straight Outta Oz (Deluxe Edition) 2 Weeks #35 Todrick Hall ft. RuPaul Low
3%
Non-Album Single 1 Week #38 The Cast of RuPaul's Drag Race UK, Season 2 UK, Hun? (United Kingdolls)
3%
No matching quizzes found
Score Distribution
Percent of People with Each Score
Percentile by Number Answered
Your Score History
You have not taken this quiz since the last reset